Clinical health psychology in medical settings : practitioner's guidebook

Αποθηκεύτηκε σε:
Λεπτομέρειες βιβλιογραφικής εγγραφής
Κύριος συγγραφέας: Belar, Cynthia D.
Άλλοι συγγραφείς: Deardorff, William W.
Μορφή: Βιβλίο
Γλώσσα:English
Δημοσίευση: Washington : American Psychological Association, 1995
Θέματα:
Ετικέτες: Προσθήκη ετικέτας
Δεν υπάρχουν, Καταχωρήστε ετικέτα πρώτοι!

MARC

LEADER 00000nam a2200000 i 4500
001 1/82368
008 980219s1995 eng d
020 |a 1-55798-287-2 
035 |a 1998  |b 1  |c Αγορά/Πολεμικός  |l 10033928 
040 |a GR-MY-UA  |b gre  |e aacr 
041 0 |a eng 
082 0 |a 616.89 
100 1 |a Belar, Cynthia D. 
245 1 0 |a Clinical health psychology in medical settings :  |b practitioner's guidebook /  |c Cynthia D. Belar, William W. Deardorff 
260 |a Washington :   |b American Psychological Association,   |c 1995 
300 |a 277 p. 
504 |a Includes bibliographical references and index 
650 0 0 |a Clinical health psychology. 
700 1 |a Deardorff, William W. 
852 |a INST  |b RHODES  |e 19980219  |h 616.89 BEL  |p 005400011043  |q 005400011043  |t BK  |y 0 
901 |a BIBL-1998-1 
909 |a Ρ  |b 052969  |c 1998